Osiedle Grunwaldzkie (Olsztyn) - Ulice - Statystyki

Ogólne statystyki
  • Ten quiz został rozwiązany 8 razy
    5 od ostatniego zresetowania
  • Średni wynik to 6 z 24
Statystyki odpowiedzi
Litera Ulica % Poprawnych
J Jagiellończyka
75%
A Armii Krajowej
50%
C Czarnego
50%
G Grunwaldzka
50%
W Warszawska
50%
J Jagiełły
25%
J Juranda ze Spychowa
25%
K Konopnickiej
25%
K Kromera
25%
N Na Skarpie
25%
S Schumana
25%
S Smętka
25%
S Szarych Szeregów
25%
W Witolda
25%
Ż Żiżki
25%
Z Zyndrama z Maszkowic
25%
B Bażyńskiego
0%
I I Dywizji Wojska Polskiego
0%
J Jadwigi
0%
L Lipowa
0%
N Nowowiejskiego
0%
T Trąby
0%
Z Zamkowa
0%
Ż Żarskiej
0%
Nie znaleziono quizów pasujących do podanych kryteriów
Rozkład punktacji
Procent ludzi z każdym wynikiem
Percentyl według liczby udzielonych odpowiedzi
Twoja historia wyników
Nie rozwiązałeś tego quizu od ostatniego zresetowania